000
00296nam a2200133Ia 4500
008
231129s1971||||xx |||||||||||||| ||spa||
040
_b
spa
082
_a
E863 F363v
100
_a
Fernández Flórez Wenceslao
245
0
_a
Volvoreta
260
_c
1971
264
_a
Salvat
942
_2
ddc
_c
BKS
999
_c
26440
_d
26440